000 01658nam a22003137a 4500
003 OSt
005 20260407102558.0
008 260407t2018 xxu||||| |||| 00| 0 spa d
020 _a9786079778484
040 _aUnicoc
_bspa
_c00001
_d00001
082 _a362.28
100 _912855
_aOrtega González, Mauricio
245 _aComportamiento suicida
_b: reflexiones críticas para su estudio desde un sistema psicológico
_c/ Mauricio Ortega González
250 _a1 Ed.
260 _aMéxico :
_bQartuppi ,
_c2018.
300 _a150 páginas
_bFotografías, tablas, diagramas
500 _aIncluye referencias bibliográficas
505 _tCapítulo 1. Antecedentes históricos y filosóficos del suicidio. --
_tCapítulo 2. Teorías e investigaciones sobre el suicidio en la psicología contemporánea. --
_tCapítulo 3. Consideraciones conceptuales acerca del suicidio. --
_tCapítulo 4. Comportamiento suicida: una aproximación desde la Psicología interconductual. --
_tCapítulo 5. Tecnología interconductual aplicada al comportamiento suicida. --
_tCapítulo 6. Reflexiones en torno al control del suicidio. --
526 _5Unicoc
546 _aEspañol
650 0 _910740
_aConducta suicida
650 0 _912856
_aPrevención suicidio
650 0 _912857
_aFilosofía del suicidio
650 0 _912858
_aComportamiento suicida
650 0 _9453
_aPsicología
_xTecnología
658 0 _910741
_aPrograma de Psicología
856 _yAcceso online exclusivo para comunidad Unicoc
_uhttps://unicoceduco-my.sharepoint.com/:b:/g/personal/direccionbiblioteca_unicoc_edu_co/IQA6tx2E9M_WRbVm92GTbCVXAR9hByG2L-UZJvR_AenznpQ
942 _2ddc
_cEBOOK
999 _c10809
_d10809